| 000 | 00416cam a2200169ua 4500 | ||
|---|---|---|---|
| 020 | _c2.25 | ||
| 041 |
_amal _h |
||
| 082 |
_a894.812809 _bESW/AK |
||
| 100 | _aEswara Warier, C . | ||
| 245 |
_aAkyayika nirmanam / _cC.Eswara Warier. _hTextual Documents |
||
| 260 |
_aThrissur : _bMangalodhayam pvt ltd , _c1965. |
||
| 300 | _a109 ; . | ||
| 365 | _a2.25 | ||
| 504 | _a | ||
| 942 | _cBK | ||
| 999 |
_c6480 _d6480 |
||